| 000 | 00736nam a22002057a 4500 | ||
|---|---|---|---|
| 999 |
_c15648 _d15648 |
||
| 003 | AR-CdUCM | ||
| 008 | 190429b ||||| |||| 00| 0 spa d | ||
| 040 |
_aMUNICIPALIDAD PROVINCIAL DEL CUSCO _cBIBLIOTECA MUNICIPAL DEL CUSCO |
||
| 082 |
_a306 / _bH83 / 1960 |
||
| 100 |
_aHuamani A, V. _934784 |
||
| 245 | _aManual de "Entidades regionales" / | ||
| 260 |
_aLima : _bPhasa, _c1960. |
||
| 300 |
_a60 pƔginas : _c22 cm. |
||
| 505 | _aContenido : Anteproyecto del estatuto de una institución -- Ante proyecto del reglamento interno -- Modelo de 45 correspondencias institucionales ... | ||
| 650 |
_aEstatuto _931625 |
||
| 650 |
_aReglamento _913775 |
||
| 650 |
_aRegional _934785 |
||
| 942 |
_2ddc _cLIBROS |
||
| 945 |
_arah _d29/04/2019 |
||